Damas - Choix multiples - Statistiques

Statistiques générales
  • Ce quiz a été pris 9 fois
  • Le résultat moyen est 5 sur 10
Statistiques - réponses
Question Réponse % Correct
De quel pays Damas est-elle la capitale ? La Syrie
100%
Quelle capitale est la plus proche de Damas ? Beyrouth
78%
Quelle fleur dite de Damas est utilisée en cosmétique pour ses propriétés revitalisantes, régénérantes et anti-âge ? La rose
67%
Quel saint biblique s'est convertit au christianisme en étant en route vers Damas ? Saint Paul
67%
Laquelle de ces églises est la cathédrale grecque-melkite de Damas ?
56%
Quel film, référence du cinéma britannique, se termine par une offensive britannique sur Damas ? Lawrence d'Arabie
56%
À quel ordre appartenaient les huit prêtres espagnols massacrés à Damas par des Druzes en dates du 9 et 10 juillet 1860 ? Les Franciscains
44%
Que signifie l'expression "faire son chemin de Damas" ? Faire soudainement le choix d'une nouvelle vie.
22%
Quelle plante pouvant être dite de Damas est utilisée à des fins thérapeutiques pour ses propriétés antispasmodiques et anti-inflammatoires ? La nigelle
0%
Quel acteur joua un petit rôle dans le film "Le Chemin de Damas" de Max Glass, sorti en 1952, prêtant ainsi sa renommée pour aider au succès du film ? Michel Simon
0%
Aucun quiz correspondant
Distribution des résultats
% des personnes avec chaque résultat
Percentile par nombre de réponses
Votre historique - résultats
Vous n’avez pas pris ce quiz